Top 10 Dutch PL scorers - Statistics

General Stats
  • This quiz has been taken 50 times
  • The average score is 4 of 10
Answer Stats
Hint Answer % Correct
144 Van Persie
95%
95 Van Nistelrooy
88%
87 Bergkamp
73%
51 Kuyt
54%
127 Hasselbaink
44%
25 Overmars
34%
24 Van der vaart
24%
19 Zenden
7%
20 John
2%
24 Roy
0%
No matching quizzes found
Score Distribution
Percent of People with Each Score
Percentile by Number Answered
Your Score History
You have not taken this quiz